| Tag |
First Indicator |
Second Indicator |
Subfields |
| LEADER |
00000pam a2200000 a 4500 |
| 001 |
in00000095405 |
| 005 |
20150923173511.0 |
| 008 |
810911s1982 caua b 00110 eng |
| 010 |
|
|
|a 81015152
|
| 020 |
|
|
|a 0716713314
|
| 020 |
|
|
|a 0716713322 (pbk.)
|
| 035 |
|
|
|a (OCoLC)07837457
|
| 035 |
|
|
|9 AAK8046AM
|
| 039 |
0 |
|
|a 2
|b 3
|c 3
|d 3
|e 3
|
| 040 |
|
|
|a DLC
|c DLC
|d TXA
|d UtOrBLW
|
| 049 |
|
|
|a TXAM
|c [985788]
|
| 050 |
0 |
0 |
|a QH366.2
|b S718 1982
|
| 082 |
0 |
|
|a 575
|2 19
|
| 100 |
1 |
|
|a Stebbins, G. Ledyard
|q (George Ledyard),
|d 1906-2000.
|
| 245 |
1 |
0 |
|a Darwin to DNA, molecules to humanity /
|c G. Ledyard Stebbins.
|
| 264 |
|
1 |
|a San Francisco :
|b W.H. Freeman,
|c [1982]
|
| 264 |
|
4 |
|c ©1982
|
| 300 |
|
|
|a xiv, 491 pages :
|b illustrations ;
|c 25 cm.
|
| 336 |
|
|
|a text
|b txt
|2 rdacontent
|
| 337 |
|
|
|a unmediated
|b n
|2 rdamedia
|
| 338 |
|
|
|a volume
|b nc
|2 rdacarrier
|
| 500 |
|
|
|a Includes index.
|
| 504 |
|
|
|a Bibliography: pages 457-467.
|
| 650 |
|
0 |
|a Evolution.
|
| 999 |
|
|
|a MARS
|
| 999 |
f |
f |
|s 1515393c-c7a2-3c91-b4bc-622d65d989d6
|i 700c2555-aef6-323c-9bd4-c73d2547822d
|t 0
|
| 952 |
f |
f |
|p ric
|a Texas A&M University
|b Rellis Campus
|c Joint Library Facility
|d Remote Storage
|t 0
|e QH366.2 S718 1982
|h Library of Congress classification
|i unmediated -- volume
|m A14806022528
|
| 998 |
f |
f |
|a QH366.2 S718 1982
|t 0
|l Remote Storage
|